000
00282nam a2200121Ia 4500
008
241002s9999 xx 000 0 und d
082
_a
891 LUD
100
_a
Ludhyanwi, Sahir
245
0
_a
Talkhian (تلخیاں)
260
_a
Karachi:
_c
1971
600
_a
Literature
942
_c
UC
999
_c
19006
_d
19006